| 000 | 00830cam a22002773a 4500 | ||
|---|---|---|---|
| 001 | 36606 | ||
| 003 | PGUSA | ||
| 005 | 20140828083807.0 | ||
| 008 | 110703s2011||||xxu|||||s|||||000 1 eng d | ||
| 040 |
_aPGUSA _beng |
||
| 042 | _adc | ||
| 050 | 4 | _aPR | |
| 100 | 1 |
_aMitford, Bertram, _d1855-1914 |
|
| 245 | 1 | 4 |
_aThe Ruby Sword : _bA Romance of Baluchistan _h[electronic resource] / _cBertram Mitford |
| 260 |
_bProject Gutenberg, _c2011 |
||
| 506 | _aPublic domain in the USA. | ||
| 516 | _aElectronic text | ||
| 653 | _aTreasure troves -- Fiction | ||
| 653 | _aAdventure stories, English | ||
| 653 | _aBaluchistan -- Fiction | ||
| 653 | _aBritish -- Baluchistan -- Fiction | ||
| 700 | 1 |
_aPiffard, Harold, _d-1938 |
|
| 830 | 0 |
_aProject Gutenberg _v36606 |
|
| 856 | 4 | 0 | _uhttp://www.gutenberg.org/ebooks/36606 |
| 942 | _cEB | ||
| 999 |
_c265861 _d265861 |
||